Mechanika židkosti i gaza /

Hlavní autor: Lojcjanskij, Lev Gerasimovič, 1900-1991
Jazyk: Ruština
Vydáno: Moskva : Gostechteorlitizdat, 1957
Vydání: 2. pererab. i dop. izd.
Fyzický popis: 784 s.
Knihy
Uloženo v:
LEADER 00698nam a22002292a 4500
001 001414796
003 CZ BrMZK
005 20140825093724.0
007 ta
008 140825s1957 ru er|||||||||||rus d
040 |a BOA001  |b cze 
080 |a 583  |2 MRF 
080 |a 582  |2 MRF 
100 1 |a Lojcjanskij, Lev Gerasimovič,  |d 1900-1991  |7 jx20071022012  |4 aut 
245 1 0 |a Mechanika židkosti i gaza /  |c Lev Gerasimovič Lojcjanskij 
250 |a 2. pererab. i dop. izd. 
260 |a Moskva :  |b Gostechteorlitizdat,  |c 1957 
300 |a 784 s. 
910 |a BOA001  |b 2-0400.790 
990 |a BK 
991 |b 201408 
996 7 |b 2619130453  |c 2-0400.790  |l MZK  |r Sklad / do 24 hodin  |n 0  |w 001449845  |u 000010  |a 1  |e BOA001  |j MZK50  |s A